000 005580000a22001930004500
003 LK-CoMWRAF
005 20231211115107.0
008 230817t1993 ||||| |||| 00| 0 eng d
040 _aLK-CoMWRAF
_dLK-CoMWRAF
_eLK-CoMWRAF
041 _aeng
082 _a340.59
_bAL
100 _aAl-Minawi, Kawther M.
245 _aHuman rights in Islam
260 _aBuraidah:
_bForeigners guidance center in gassim zone,
_c1993
300 _a 71 p. ; 24 cm
_bBibliography included
490 _vNo.154
650 _a Human rights- Religious aspects- Islam
942 _cBK
999 _c103
_d103